[Event "EU-chT U18"]
[Site "Iasi"]
[Date "2023.07.27"]
[Round "4.3"]
[White "Miazhynski, Michael"]
[Black "Sapocinic, Semion"]
[Result "1/2-1/2"]
[WhiteElo "2142"]
[BlackElo "2089"]
[PlyCount "111"]
[EventDate "2023.07.24"]
[EventType "team-swiss"]
[EventRounds "7"]
[EventCountry "ROU"]
[SourceTitle "CBM 215 Extra"]
[Source "ChessBase"]
[SourceDate "2023.09.30"]
[SourceVersion "1"]
[SourceVersionDate "2023.09.30"]
[SourceQuality "1"]
[WhiteTeam "Austria U18"]
[BlackTeam "Moldova U18"]
[WhiteTeamCountry "AUT"]
[BlackTeamCountry "MDA"]

1. e4 e5 2. Nc3 Nf6 3. g3 d5 4. exd5 Nxd5 5. Bg2 Nxc3 6. bxc3 Nc6 7. Ne2 Be6 8. d4 Bd5 9. 0-0 Bxg2 10. Kxg2 Qd5+ 11. f3 0-0-0 12. Be3 h5 13. Qd3 Kb8 14. c4 Qd7 15. d5 Nb4 16. Qd2 h4 17. g4 h3+ 18. Kh1 f5 19. a3 Na6 20. gxf5 Qxf5 21. Ng3 Qf7 22. Ne4 Be7 23. Rab1 Qg6 24. Qf2 Bh4 25. Qg1 Qxg1+ 26. Rxg1 Rdf8 27. Rb3 b6 28. d6 cxd6 29. Rxg7 Nc5 30. Bxc5 dxc5 31. Nxc5 Rfg8 32. Rxg8+ Rxg8 33. Nd7+ Kc7 34. Nxe5 Rg2 35. f4 Bf2 36. Rb1 Bc5 37. Nd3 Rxc2 38. Nxc5 bxc5 39. Kg1 Rxc4 40. Kf2 Rxf4+ 41. Kg3 Rd4 42. Kxh3 c4 43. Kg2 c3 44. Kf3 Kd6 45. Rc1 Rh4 46. Ke3 Rh3+ 47. Kd4 Rxh2 48. Kxc3 Kc5 49. Kb3+ Kb6 50. Rc3 Kb5 51. Rg3 Rh5 52. a4+ Ka5 53. Rf3 a6 54. Rg3 Rf5 55. Rh3 Rg5 56. Rf3 1/2-1/2

[Event "EU-ch U14 30th"]
[Site "Antalya"]
[Date "2022.11.09"]
[Round "4"]
[White "Lavrencic, Matic"]
[Black "Sapocinic, Semion"]
[Result "1/2-1/2"]
[WhiteElo "2335"]
[BlackElo "1977"]
[PlyCount "106"]
[EventDate "2022.11.06"]
[EventType "swiss"]
[EventRounds "9"]
[EventCountry "TUR"]
[SourceTitle "CBM 211 Extra"]
[Source "ChessBase"]
[SourceDate "2023.01.31"]
[SourceVersion "1"]
[SourceVersionDate "2023.01.31"]
[SourceQuality "1"]

1. e4 d6 2. d4 Nf6 3. Nc3 e5 4. Nge2 Be7 5. h3 c6 6. g4 0-0 7. Bg2 b5 8. a3 Nbd7 9. 0-0 Qc7 10. f4 a5 11. g5 Nh5 12. Bf3 Nxf4 13. Nxf4 exf4 14. Bxf4 Nb6 15. Bg4 Bxg4 16. Qxg4 b4 17. axb4 axb4 18. Ne2 Qb7 19. Qg3 d5 20. Qf3 c5 21. Rxa8 Qxa8 22. exd5 Qxd5 23. dxc5 Bxc5+ 24. Kg2 Re8 25. Qxd5 Nxd5 26. Kf3 Nxf4 27. Nxf4 Bd4 28. Nd3 b3 29. Re1 Rxe1 30. Nxe1 bxc2 31. Nxc2 Bxb2 32. Kg4 Kf8 33. Ne3 Ke7 34. Nd5+ Ke6 35. Nf4+ Kd6 36. h4 Be5 37. Ng2 Kd5 38. Kf3 g6 39. Ne3+ Ke6 40. Kg4 f5+ 41. gxf6 h5+ 42. Kf3 Bxf6 43. Ng2 Bc3 44. Nf4+ Kf5 45. Nxg6 Kxg6 46. Kg2 Kf5 47. Kh1 Kg4 48. Kg2 Kxh4 49. Kh1 Kg3 50. Kg1 h4 51. Kh1 h3 52. Kg1 Bd4+ 53. Kh1 h2 1/2-1/2

[Event "Targu Mures op 3rd"]
[Site "Targu Mures"]
[Date "2022.06.11"]
[Round "9"]
[White "Sapocinic, Semion"]
[Black "Veneteanu, Ion Cristian"]
[Result "1-0"]
[WhiteElo "1988"]
[BlackElo "2034"]
[PlyCount "55"]
[EventDate "2022.06.05"]
[EventType "swiss"]
[EventRounds "9"]
[EventCountry "ROU"]
[SourceTitle "EXT 2024"]
[Source "ChessBase"]
[SourceDate "2023.10.10"]
[SourceVersion "1"]
[SourceVersionDate "2023.10.10"]
[SourceQuality "1"]

1. c4 g6 2. Nf3 Bg7 3. g3 d6 4. Bg2 e5 5. d3 h6 6. Nc3 c5 7. Bd2 Ne7 8. a3 a5 9. 0-0 0-0 10. Rb1 Nbc6 11. Nd5 Nxd5 12. cxd5 Ne7 13. e4 f5 14. b4 axb4 15. axb4 b6 16. Bc3 f4 17. Nd2 g5 18. bxc5 bxc5 19. Nc4 g4 20. f3 h5 21. Rb6 Bd7 22. Rxd6 Nc8 23. Rg6 Qe8 24. Nxe5 Ba4 25. Qd2 Ra7 26. fxg4 Kh7 27. Re6 Re7 28. Ng6 1-0

[Event "Targu Mures op 3rd"]
[Site "Targu Mures"]
[Date "2022.06.07"]
[Round "5"]
[White "Sapocinic, Semion"]
[Black "Sofronie, Vladimir"]
[Result "1-0"]
[WhiteElo "1988"]
[BlackElo "1606"]
[PlyCount "71"]
[EventDate "2022.06.05"]
[EventType "swiss"]
[EventRounds "9"]
[EventCountry "ROU"]
[SourceTitle "EXT 2024"]
[Source "ChessBase"]
[SourceDate "2023.10.10"]
[SourceVersion "1"]
[SourceVersionDate "2023.10.10"]
[SourceQuality "1"]

1. c4 e6 2. Nf3 Nf6 3. g3 d5 4. Bg2 d4 5. 0-0 c5 6. e3 Nc6 7. exd4 cxd4 8. d3 Be7 9. Bg5 0-0 10. Na3 h6 11. Bxf6 Bxf6 12. Nc2 a5 13. a3 a4 14. Rb1 Qc7 15. b4 axb3 16. Rxb3 e5 17. Nd2 Be6 18. Qb1 Ra7 19. Nb4 Nxb4 20. axb4 Rfa8 21. Rb2 Be7 22. c5 Ra3 23. Nc4 Bxc4 24. dxc4 R8a7 25. Bd5 Bg5 26. Qf5 Ra1 27. Re2 Rxf1+ 28. Kxf1 Ra1+ 29. Kg2 Bf6 30. f4 Rd1 31. Ra2 exf4 32. Ra8+ Bd8 33. Qxf7+ Qxf7 34. Rxd8+ Kh7 35. Bxf7 fxg3 36. hxg3 1-0

[Event "Targu Mures op 3rd"]
[Site "Targu Mures"]
[Date "2022.06.05"]
[Round "2"]
[White "Vajda, Mihaly"]
[Black "Sapocinic, Semion"]
[Result "1-0"]
[WhiteElo "1685"]
[BlackElo "1988"]
[PlyCount "67"]
[EventDate "2022.06.05"]
[EventType "swiss"]
[EventRounds "9"]
[EventCountry "ROU"]
[SourceTitle "EXT 2024"]
[Source "ChessBase"]
[SourceDate "2023.10.10"]
[SourceVersion "1"]
[SourceVersionDate "2023.10.10"]
[SourceQuality "1"]

1. c4 e5 2. Nc3 Nc6 3. g3 g6 4. Bg2 Bg7 5. e4 Nge7 6. Nge2 0-0 7. d3 d6 8. 0-0 f5 9. Be3 Be6 10. Nd5 Qd7 11. Qd2 a6 12. a4 Rab8 13. a5 Nd4 14. Nxd4 exd4 15. Bg5 Nc6 16. f4 Rbe8 17. b4 fxe4 18. Bxe4 Bf5 19. Bxf5 Rxf5 20. Kg2 h6 21. Bh4 Ref8 22. Rae1 Kh7 23. g4 Rxd5 24. cxd5 Qxg4+ 25. Bg3 Na7 26. Re7 Nb5 27. Rfe1 Nc3 28. Rxc7 Nxd5 29. h3 Qf5 30. Rxb7 Nxf4+ 31. Qxf4 Qd5+ 32. Qe4 Qa2+ 33. Re2 Qb1 34. Qe7 1-0

[Event "MDA-ch"]
[Site "Kishinev"]
[Date "2022.02.27"]
[Round "9"]
[White "Ceres, Dragos"]
[Black "Sapocinic, Semion"]
[Result "1-0"]
[WhiteElo "2385"]
[BlackElo "1918"]
[PlyCount "79"]
[EventDate "2022.02.19"]
[EventType "swiss"]
[EventRounds "9"]
[EventCountry "MDA"]
[SourceTitle "EXT 2023"]
[Source "ChessBase"]
[SourceDate "2022.10.05"]
[SourceVersion "1"]
[SourceVersionDate "2022.10.05"]
[SourceQuality "1"]

1. e4 c6 2. d4 d5 3. e5 Bf5 4. Nf3 e6 5. Be2 Nd7 6. 0-0 Bg6 7. Nbd2 Nh6 8. Nb3 Be7 9. a4 a5 10. Bd2 0-0 11. c4 Be4 12. Bxh6 gxh6 13. Nfd2 Bg6 14. cxd5 cxd5 15. Bb5 Nb8 16. Rc1 Na6 17. Qe2 Nb4 18. Nc5 Bxc5 19. Rxc5 b6 20. Rc3 Kg7 21. f4 Rc8 22. g4 f5 23. exf6+ Qxf6 24. Qe5 Rxc3 25. bxc3 Nd3 26. Qxf6+ Rxf6 27. f5 exf5 28. Bxd3 fxg4 29. Rxf6 Kxf6 30. Bxg6 hxg6 31. c4 Ke6 32. c5 bxc5 33. dxc5 d4 34. Nb3 Kd5 35. Kf2 h5 36. c6 Kxc6 37. Nxa5+ Kc5 38. Nb3+ Kc4 39. Nd2+ Kb4 40. a5 1-0

[Event "Nizami Ganjavi 880 years U17"]
[Site "Tornelo INT"]
[Date "2021.04.04"]
[Round "9.3"]
[White "Celik, Hasan Huseyin"]
[Black "Sapocinic, Semion"]
[Result "1-0"]
[WhiteElo "2352"]
[BlackElo "1761"]
[PlyCount "101"]
[EventDate "2021.04.02"]
[EventType "team-swiss (blitz)"]
[EventRounds "9"]
[EventCountry "AZE"]
[SourceTitle "EXT 2023"]
[Source "ChessBase"]
[SourceDate "2022.10.05"]
[SourceVersion "1"]
[SourceVersionDate "2022.10.05"]
[SourceQuality "1"]
[WhiteTeam "Turkey"]
[BlackTeam "Moldova"]
[WhiteTeamCountry "TUR"]
[BlackTeamCountry "MDA"]

1. d4 Nf6 2. Bg5 Ne4 3. Bf4 d5 4. f3 Nf6 5. e4 dxe4 6. Nc3 exf3 7. Nxf3 Bg4 8. h3 Bxf3 9. Qxf3 c6 10. 0-0-0 e6 11. Bc4 Bd6 12. Bg5 Nbd7 13. g4 h6 14. Bd2 Qc7 15. h4 Nb6 16. Bb3 0-0-0 17. g5 hxg5 18. hxg5 Nfd5 19. Rhf1 Rd7 20. Ne4 Bb4 21. Bxb4 Nxb4 22. g6 f5 23. Nc5 Re7 24. Nxe6 Qd6 25. Qxf5 Kb8 26. Qf4 Qxf4+ 27. Nxf4 a5 28. c3 a4 29. Bf7 N4d5 30. Nxd5 Nxd5 31. Rde1 Rxe1+ 32. Rxe1 Nf4 33. Rf1 Ne2+ 34. Kd2 Rh2 35. Kd3 Ng3 36. Rf3 Nh5 37. b4 Kc7 38. d5 cxd5 39. Bxd5 a3 40. Rf7+ Kd6 41. Bxb7 Rxa2 42. Bf3 Ng3 43. Rxg7 Rf2 44. Bg4 Rf4 45. Bd1 Nh1 46. Ra7 Rf6 47. Rxa3 Nf2+ 48. Ke2 Nxd1 49. Ra6+ Ke5 50. Rxf6 Kxf6 51. Kxd1 1-0

[Event "Nizami Ganjavi 880 years U17"]
[Site "Tornelo INT"]
[Date "2021.04.03"]
[Round "6.4"]
[White "Toktomushev, Teimur"]
[Black "Sapocinic, Semion"]
[Result "1-0"]
[WhiteElo "1967"]
[BlackElo "1761"]
[PlyCount "63"]
[EventDate "2021.04.02"]
[EventType "team-swiss (blitz)"]
[EventRounds "9"]
[EventCountry "AZE"]
[SourceTitle "EXT 2023"]
[Source "ChessBase"]
[SourceDate "2022.10.05"]
[SourceVersion "1"]
[SourceVersionDate "2022.10.05"]
[SourceQuality "1"]
[WhiteTeam "Ukraine"]
[BlackTeam "Moldova"]
[WhiteTeamCountry "UKR"]
[BlackTeamCountry "MDA"]

1. d4 Nf6 2. c4 c5 3. d5 e5 4. Nc3 d6 5. e4 Be7 6. Nf3 0-0 7. Bd3 Nbd7 8. 0-0 Ne8 9. a3 a5 10. Be3 g6 11. Nd2 Bg5 12. g3 Bxe3 13. fxe3 Ng7 14. Qe2 f5 15. Rf2 Nf6 16. Raf1 Qe7 17. exf5 Bxf5 18. Bxf5 Nxf5 19. Nde4 Nxe4 20. Nxe4 Nh6 21. Rf6 Nf5 22. Re6 Qd7 23. Nf6+ Rxf6 24. Rxf6 Re8 25. g4 Ng7 26. Qf3 Qd8 27. Rf7 b6 28. Rb7 Re7 29. Rxb6 e4 30. Rxd6 Qc8 31. Qf4 Kh8 32. Qf8+ 1-0

[Event "MDA-ch"]
[Site "Kishinev"]
[Date "2021.02.20"]
[Round "1"]
[White "Zajarnyi, Anatolyi"]
[Black "Sapocinic, Semion"]
[Result "1-0"]
[WhiteElo "2289"]
[BlackElo "1791"]
[PlyCount "81"]
[EventDate "2021.02.20"]
[EventType "swiss"]
[EventRounds "9"]
[EventCountry "MDA"]
[SourceTitle "EXT 2022"]
[Source "ChessBase"]
[SourceDate "2021.10.06"]
[SourceVersion "1"]
[SourceVersionDate "2021.10.06"]
[SourceQuality "1"]

1. e4 c6 2. d4 d5 3. e5 Bf5 4. c3 e6 5. Be3 Nd7 6. Qb3 Qc7 7. f4 h5 8. Nf3 Be7 9. Nbd2 a6 10. a4 c5 11. c4 dxc4 12. Bxc4 cxd4 13. Bxd4 Nh6 14. 0-0 0-0 15. Rfc1 Rac8 16. Qd1 Bc5 17. Nb3 Bxd4+ 18. Qxd4 Qb6 19. a5 Qxd4+ 20. Nbxd4 Nb8 21. Be2 g6 22. Ng5 Bg4 23. Bxg4 Nxg4 24. Ne4 Rcd8 25. Nd6 Rd7 26. Ra3 Nh6 27. Rb3 Rfd8 28. Rc4 Nf5 29. N4xf5 gxf5 30. Rxb7 Rxb7 31. Nxb7 Rd1+ 32. Kf2 Nd7 33. Rc7 Nf8 34. Rc2 Rd4 35. g3 Ra4 36. Ke3 Nd7 37. Rc7 Nf8 38. Kd3 Rb4 39. Kc3 Rb5 40. b4 h4 41. Nc5 1-0

[Event "EU-ch U10"]
[Site "Bratislava"]
[Date "2019.08.04"]
[Round "3"]
[White "Sapocinic, Semion"]
[Black "Simbelov, Roman T"]
[Result "0-1"]
[WhiteElo "1781"]
[BlackElo "1560"]
[PlyCount "118"]
[EventDate "2019.08.02"]
[EventType "swiss"]
[EventRounds "9"]
[EventCountry "SVK"]
[SourceTitle "EXT 2020"]
[Source "ChessBase"]
[SourceDate "2019.10.17"]
[SourceVersion "1"]
[SourceVersionDate "2019.10.17"]
[SourceQuality "1"]

1. e4 e5 2. Nf3 Nc6 3. Bb5 a6 4. Ba4 Nf6 5. d3 b5 6. Bb3 Be7 7. 0-0 d6 8. c3 0-0 9. Nbd2 Na5 10. Bc2 c5 11. Re1 Nc6 12. Nf1 Re8 13. h3 d5 14. exd5 Qxd5 15. Bb3 Qd6 16. Qe2 Bf5 17. Bc2 Bf8 18. Ng3 Bg6 19. Nh4 Rad8 20. Nxg6 hxg6 21. Ne4 Nxe4 22. dxe4 Qe6 23. Be3 Na5 24. b3 Nc6 25. Bd3 Na5 26. Bc2 Nc6 27. a4 b4 28. Bd3 bxc3 29. Bc4 Qd6 30. Qc2 Nd4 31. Qxc3 Qc6 32. Bd5 Qb6 33. Qc4 Rd7 34. Bxd4 exd4 35. Rad1 g5 36. Rd3 Re5 37. Rf1 Qf6 38. g3 Qg6 39. f4 gxf4 40. Rxf4 Bd6 41. Rg4 Rg5 42. Rxg5 Qxg5 43. Kg2 a5 44. Rf3 Kf8 45. Bxf7 Bxg3 46. Rf5 Qd2+ 47. Kxg3 Qe3+ 48. Kg4 Qxe4+ 49. Rf4 Qg2+ 50. Kh5 Qxh3+ 51. Kg5 Qg3+ 52. Rg4 Qe5+ 53. Kh4 Qh2+ 54. Kg5 Qe5+ 55. Kh4 Qh2+ 56. Kg5 Qh6+ 57. Kf5 Rxf7+ 58. Ke4 Qe3+ 59. Kd5 Qf3+ 0-1